000 00925nam a2200253 a 4500
001 55381
003 BD-RjUL
005 20211209080246.0
008 161116s1965 bg ||||| |||| 00| 0 ben d
020 _c: TK 2.75
035 _a(BD-RjUL)55503
040 _aBD-RjUL
_bben
_cBD-RjUL
041 _aben
082 _223
_a523.1
_bASB 1965
100 _a অ্যাসিসভ, আইজাক
_9164959
245 1 0 _aবিশ্ব সৃষ্টির মালমশলা /
_cআইজাক অ্যাসিসভ
250 _a১ম সং .
260 _aঢাকা :
_bস্টুডেন্ট ওয়েজ,
_c১৯৬৫
300 _a২৩১ পৃ. :
_bচিত্র ;
_c২১ সেমি.
650 _aমহাবিশ্ব
_9164960
650 _aThe universe
_9164961
700 _aশরফুদ্দিন, মিনা, অনুবাদ
_9164962
942 _2ddc
_cBK
999 _c55381
_d55381